00405nam a2200145Ia 4500008004100000082001000041100001900051245002000070260001100090630002000101730002000121942000900141999001900150952009000169100328s9999 xx 000 0 und d b15874 aOsborne Arthur aRamans Maharshi bAnchor aRamans Maharshi aRamans Maharshi cBOOK c510610d510607 00104070aRNVbRNVd2010-03-28l0pRNV-15874r2010-03-28 00:00:00w2010-03-28yBOOK